1820 1339 1812 1626 1113 1476 1255 1586 1652 1328 1805 1486 1954 1906 1684 1616 1362 1605 1452 1686 1959 1260 1002 1771 1881 1273 1740 1298 1553 1311 1153 1740 1881 1690 1576 1898 1536 1747 1004 1193 1617 1570 1226 1050 1072 1016 1287 1743 1101 1501 1807 1210 1557 1882 1475 1446 1542 1449 1885 1548 1861 1184 1321 1316 1358 1098 1216 1509 1266 1335 1466 1834 1798 1776 1781 1641 1889 1790 1752 1632 1923 1275 1039 1913 1175 1047 1029 1649 1163 1510 1749 1586 1976 1848 1480 1837 1210 1543 1897 BCNSPRNW ULIB Ver.6.0+V

เปลี่ยนเป็นภาษาไทย

Change to English
 แสดงรายละเอียดบรรณานุกรม
  กลับหน้าหลัก

Brief Record : Get Marc (ISO 2709) : E-mail record : QR code < ปิดหน้าต่าง
LEADER : 00000nam 2200000uu 4500
001    13399110384
003     ULIB
008    110429s2007||||th 000 0 eng d
020    1416032754
024    9781416032755
060 04 WY157.3^bL527i 2007
100 1  Leifer, Gloria
245 10 Introduction to maternity & pediatric nursing /^cGloriaLeifer
246 3  Introduction to maternity and pediatric nursing
250    5th ed.
260    St. Louis, Mo. :^bElsevier/Saunders,^c2007
300    xx, 818 p. :^bill. (chiefly col.) ;^c28 cm.
504    Includes bibliographical references and index
650  0 Maternity nursing
650  0 Pediatric nursing
650  2 Maternal-Child Nursing^xmethods
650  2 Pediatric Nursing^xmethods
945    ^p2500^l0^i030072
995     เกษร
999 ^a ใช้งานได้ทุกระบบ
รายการนี้ยังไม่มีแท็ก
คุณยังไม่ได้ล็อกอิน คุณสามารถมีกิจกรรมร่วมกับเว็บไซต์ได้ แต่ต้องล็อกอินก่อน ::
  ล็อกอิน

รายการสื่อสารสนเทศ

ลำดับที่ ประเภท เลขเรียก/บาร์โค้ด สถานที่ สถานะ
- ไม่พบข้อมูล -

รายการใกล้เคียง
    ผู้แต่ง [Leifer, Gloria]

    หัวเรื่อง [Maternity nursing]
    หัวเรื่อง [Pediatric nursing]

BibComment


ยังไม่เคยถูกคอมเมนท์

คอมเมนท์ทรัพยากรรายการนี้
  คอมเมนท์: Introduction to m..


 Copyright 2026. Bcnsprnw @Library